Statistics for Ultimate Hunger Games Quiz Part 1

Click here to take the quiz!

General Stats

  • This quiz has been taken 26 times
    (25 since last reset)
  • The average score is 52 of 198

Answer Stats

HintAnswer% Correct
What is the name of the Protagonist?Katniss Everdeen
100%
How old is she?16
92%
What is the name of her sister?Primrose
92%
How many of these people are selected per district?2
67%
What weapon is she best at using?Bow
67%
What is the resource that is produced in the protagonist's district?Coal
67%
What is his first name?Coriolanus
67%
Who does she do this with?Gale
67%
What is his last name? (hint: It is the name of a suburb in melbourne that is home to an AFL team)Hawthorne
67%
Who was the man who won it?Haymitch Abernathy
67%
Who is the male tribute for their district in the Hunger Games?Peeta Mellark
67%
Who is the leader of the country?President Snow
67%
Who is selected to be the female tribute for their district in the Hunger Games?Prim
67%
Which Hunger Games did he win?The Second Quarter Quell
67%
How many times does the protagonist's partner put his name down?42
58%
How many Hunger Games have occured up until this moment?73
58%
What does she give the protagonist?A Mockingjay Pin
58%
Once they are finished doing that, who does the protagonist see to get her style and dress?Cinna
58%
What is the name of the person that escorts the tributes to the Hunger Games?Effie Trinket
58%
What does the protagonist remember the male tribute doing for her in her time of need?Giving her bread
58%
What is the name of the cook that she likes?Greasy Sae
58%
What is the name of the Mayor's daughter?Madge Undersee
58%
What is the name of the country?Panem
58%
What is the name of the military police force which is there to prevent uprisings?Peacekeepers
58%
What is her nickname?Prim
58%
What do they discuss doing together?Running Away
58%
What is the name of the black market where the protagonist sells her goods to?The Hob
58%
How do they get to the Games?Train
58%
What is the name given to the person who either through volunteering, or through random selection, must compete in The Hunger Games?Tribute
58%
What does the protagonist do as a result?Volunteer as Tribute
58%
How many tributes die on the first day?11
50%
What did the protagonist get?11
50%
What is the highest possible number that you can get?12
50%
What number would a skilless tribute get?1-5
50%
How many times does the protagonist put her name down?20
50%
How many days do the tributes train for the games?3
50%
What did her male partner get?8
50%
What is the name of their home?District 12
50%
What is the name of the richest region in the country?The Capitol
50%
What is the name that they use for the centre of the arena where all the loot is kept and occasionally restocked?The Cornucopia
50%
What nickname does the protagonist get as a result?The Girl on Fire
50%
The book begins with the protagonist waking up. What day is it?The Reaping
50%
What does she initially struggle to find?Water
50%
When all the tributes are in the arena, how long do they have to wait before they can go?60 seconds
42%
What are the names of people who defied the government, only to have their tongues cut out and to serve the elites and tributes?Avox
42%
What is the first thing that the protagonist grabs?Backpack
42%
Who is the person that does this with them?Caesar Flickerman
42%
What do they call tributes who come from the wealthier districts that tend to volunteer for the games?Career Tributes
42%
Where was she from?District 1
42%
Where is she from?District 11
42%
What is the name of the people that change the conditions and moderate the game?Gamemakers
42%
Which particular individual had this item?Glimmer
42%
Who tells him to do this?Haymitch
42%
When does the protagonist do this?Last
42%
Who is in another tree next to the protagonist?Rue
42%
What is the final thing that the tributes do before entering the arena?Televised interview
42%
What is the name of the extra food rations that you can get if you put your name down more times in the Hunger Games?Tesserae
42%
What happened which caused the Hunger Games in the first place?The Districts rose up against the Capitol
42%
What does she climb up to sleep safely?Tree
42%
Where does she go to escape?Up a tree
42%
Can these be fatal?Yes
42%
When the protagonist nears the edge of the arena, what happenes?A fire is started
33%
What is the first injury the protagonist recieves?Burn to the leg and hands
33%
What is produced here?Crops
33%
What is the name of a harmless bird that immitates music and is a hybrid between two other bird species?Mockingjay
33%
How many times has the protagonist's district won the Hunger Games?Once
33%
When the protagonist comes down to take her weapon, who comes out of the forest, telling her to run?Peeta
33%
Who does she find?Rue
33%
What happened to the tribute as a result?She gets killed by the careers
33%
Who does she run into?The Careers
33%
What is the name of the building that the protagonist goes to to say goodbye to her friends and family?The Justice Building
33%
What did the protagonist say that she liked the most about staying in the rich district?The Lamb Stew
33%
What are in this thing?Tracker Jackers
33%
Who was the person that did this to the protagonist?Venia
33%
Where was the protagonist's male counterpart?With the careers
33%
What does she discover they have, that would be hugely beneficial to her?A Bow with arrows
25%
What is another pet that they have?A Cat
25%
Where do they take refuge in?A Cave
25%
What has this man become?A Drunk
25%
What does the protagonist tell a story of getting?A Goat
25%
What does the protagonis't partner gather up?Berries
25%
What is it's name?Buttercup
25%
What is the name of the toughest tribute to beat in the Games?Cato
25%
Who comes looking for their partner?Cato
25%
Who, apart from the protagonist and her partner, is the last tribute standing at this point?Cato
25%
What does the protagonist's ally use to help remove the venom from the protagonist's body?Chewed up leaves
25%
What is the name of the man who makes the announcements in the arena during the games?Claudius Templesmith
25%
When the protagonist runs out, who also comes out to confront and attempt to kill her?Clove
25%
Where was he from?District 1
25%
Who is the sly and cunning tribute that comes out of the bushes and steals some supplies?Foxface
25%
What happens as a result?Foxface dies
25%
Who dies as a result?Glimmer
25%
What is the protagonist's part time occupation in order to feed her family and the community?Hunter
25%
How does the protagonist's father die?In a mining accident
25%
Where does she run?Into the forest
25%
What was it's name?Lady
25%
What did an inexperienced female tribute do when she camped below the protagonist?Light a fire
25%
What time do you find out when a tribute dies?Midnight
25%
What is the name of this thing he has gathered?Nightlock
25%
Who does she look for as a result?Peeta
25%
When she does this, the reviewers are bored and not watching. What does she do to get their attention?Shoots an arrow at the pig they are eating
25%
What kind of act does this man want from both tributes?Star Crossed Lovers
25%
Where does she find this?Stream
25%
What is responsible?The Gamemakers
25%
Where does the protagonist get wounded?The Head
25%
Where is this place located?The Rocky Mountains
25%
Who saves the protagonist from this person?Thresh
25%
What does she search for?Water
25%
What does the protagonist shoot in order to destroy the supplies?A Bag of Apples
17%
How long is it until the protagonist wakes up?A day or two
17%
What does the last enemy tribute hold the protagonist's partner in?A Headlock
17%
What does this person point out to the protagonist?A hive in her tree
17%
What does the stylist make for the protagonist and her male partner?Clothes that emit fake fire
17%
When she gets to the centre for the feast, who is the first person to run out to collect what they need?Foxface
17%
When her male counterpart goes on, what does he confess to?Having a crush on the protagonist
17%
What does her ally tell her that the sunglasses actually are?Night Vision Glasses
17%
What did the protagonist do to him?Shoot him with an arrow
17%
Where will this be held?The Cornucopia
17%
What do they climb up onto to try to avoid them?The Cornucopia
17%
Where does the protagonist shoot in order to free her partner?The Hand
17%
What happens after they show who dies?The National Anthem Plays
17%
What is the next announcement?There will be a feast
17%
What was the name of the peace treaty that ended this?The Treaty of Treason
17%
Where do the tributes live after they have won the games?The Victor's Village
17%
What doesn't he know about these?They're Poisonous
17%
What does she block with this?Throwing Knife
17%
How many of these did they make?3
8%
Where does the protagonist manage to find what she desperately needs?A lake
8%
What do they have with them?A pile of supplies
8%
How does the male tribute say that he wants to die?As Himself
8%
What do they do?Become allies
8%
What is the condition that he has?Blood Poisoning
8%
What does the protagonist's tribute partner say that each district produces it's own unique version of?Bread
8%
What does the protagonist's dress do when she spins?Catches on fire
8%
Why do they refrain from this?Family
8%
What do they create as a distraction?Fire
8%
Why does he do this?For Rue
8%
What do they cause in relatively small to medium doses?Halucinations and Nightmares
8%
Who does the protagonist hug first?Haymitch
8%
What does the protagonist partly lose?Her Hearing
8%
What happened to a boy in her district who was caught stealing them?He was Killed
8%
Where does she put it?In Berries
8%
Once she is dead, what does she do?Lay flowers onto her
8%
What is the name that is given to the weird creatures designed to hunt down the remaining tributes and round them up to the centre?Muttations
8%
What do they use to achieve this?Nightlock
8%
How does she die?Pierced with a spear
8%
What do they use these birds for?Signalling
8%
When the protagonist goes outside to forage, another gift comes in. What is it?Sleep Syrup
8%
Which Real World location is this in?The Appalatian Mountain Ranges
8%
Whenever the protagonist tries to hunt game what holds her back?The noise her partner makes
8%
Why is this important?This is the day that they pick tributes
8%
What is the purpose of this?To show who to sponsor
8%
How are the elite tributes protecting their supplies?With Landmines
8%
Who set this up?A boy from District 3
0%
What happens when a tribute dies?A Cannon fires
0%
Who is responsible?A Career Tribute
0%
How long do they wait until they put the enemy tribute out of their misery?A day
0%
Where does the person who saved the protagonist run off to?A Grassfield
0%
How does the government feel about the stunt that the protagonist and her partner pulled off?Angry
0%
How does this make the protagonist feel?Angry and embarrased
0%
Where does she walk through during the first day?A Valley
0%
Where do the two finally go?Back home
0%
What does the protagonist's partner almost die of?Blood loss
0%
What does this person do to the boy who set up the explosives?Break his neck
0%
What is the first gift that she recieves from a sponsor?Burn Ointment
0%
Where does she find this person?By a lake
0%
What awaits them?Cameras
0%
What have the elite tributes been doing?Camping
0%
What does the protagonist spend the night doing?Caring for Peeta
0%
What do they decide to do as a result?Commit suicide
0%
When there is only one crown but two tributes, what does the leader of the country do?Cut it in half
0%
What does the protagonist do to deter the elite tributes?Cut the branch with the nest of tracker jackers on it
0%
When they get there, what is the first thing they do?Get their bodies washed
0%
What does she do with this concoction?Give it to Peeta
0%
What happens to him?He is executed
0%
How did this happen?His leg was cut
0%
What is the next gift that the two get from a sponsor?Hot Broth
0%
What does this place produce?Luxuries
0%
What do they do with the final training sessions?Ranking the tributes
0%
What does the protagonist's male companion do?Refuse to allow her to go
0%
What does she do next?Run away and pass out
0%
What is the name of the Head Gamemaker?Seneca Crane
0%
What happens to the protagonist?She gets stung by tracker Jackers
0%
How does the protagonist finally kill him?Shoots him with an arrow
0%
When the protagonist returns to her dying ally, what does she do?Sing a lulliby
0%
Where does the protagonist find her ally?Tangled in a net
0%
What does the costume for the tribute chariot event have to reflect?The district of origin
0%
When they do the victors ceremony, what do they watch?The Highlights
0%
What is the announcement made shortly after this?The previous rule was revoked
0%
What happens as a result?The reimplement the rule
0%
Where do they stay before the games?The Training Centre
0%
What happens to the weather and temperature?They become more extreme
0%
What excuse do they have to devise in order to satisfy them?They were blinded by their love for eachother
0%
Why is he allowed to be there?To find the protagonist
0%
Why does the protagonist feel that she got the number that she got?To make her a target
0%
What do the tributes do for their final training session?Train Individually
0%
What rule suddenly changes?Two tributes from the same district can win
0%
What does she do for the next few hours?Walks around
0%

Score Distribution

Percentile by Number Answered

Percent of People with Each Score

Your Score History

You have not taken this quiz since the last reset